| 000 | 00900cab a2200265 4500 | ||
|---|---|---|---|
| 001 | ABS57755 | ||
| 008 | 090401t1997 xxu||||| |||| 00| 0 eng d | ||
| 035 | _a(Sirsi) u81801 | ||
| 041 | _aeng | ||
| 245 | _aInsurance venture introduces certification for land clean-ups | ||
| 260 | _c1997 | ||
| 350 | _a0 | ||
| 490 |
_aENDS Report _v(272) September 1997, 15(1) |
||
| 520 | _aReports on Certa, a new business which offers insurance cover for reclaimed contaminated land. Gives details of its service which includes issuing certificates which guarantee that land is insurable for a particular use. | ||
| 650 | _aBROWNFIELD LAND | ||
| 650 | _aCERTA | ||
| 650 | _aCERTIFICATION SCHEMES | ||
| 650 | _aCONTAMINATED LAND | ||
| 650 | _aENVIRONMENTAL INSURANCE | ||
| 650 | _aINSURANCE POLICIES | ||
| 650 | _aRECLAIMED LAND | ||
| 690 |
_aInsurance _96249 |
||
| 942 | _n0 | ||
| 948 | _c30/10/1997 | ||
| 999 |
_c51578 _d51578 |
||